| 000 | 00993cam a22002651 4500 | ||
|---|---|---|---|
| 001 | pa 58000019 | ||
| 003 | DLC | ||
| 005 | 20260227111854.0 | ||
| 008 | 740828m19581963dcu bd 000 0 spa c | ||
| 010 | _apa 58000019 | ||
| 035 | _a(OCoLC)991147 | ||
| 040 |
_aPan American Union. Library _cNhD _dOCoLC _dDLC |
||
| 042 | _apremarc | ||
| 050 | 0 | 0 |
_aPQ7081 _b.P27 |
| 110 | 2 |
_aPan American Union. _bDivision of Philosophy and Letters. |
|
| 245 | 1 | 0 | _aDiccionario de la literatura latinoamericana. |
| 250 | _a[Ed. provisional] | ||
| 260 |
_aWashington, _bUnión Panamericana _c[1958]-63. |
||
| 300 |
_a6 v. in 8. _c25 cm. |
||
| 500 | _aVols. 1-2 by the Letters Section of the Division of Philosophy, Letters and Sciences. | ||
| 504 | _aIncludes bibliographies. | ||
| 505 | 0 | _a[1] Bolivia.--[2] Chile.--[3] Colombia.--[4] Argentina. 2 pts.--[5] Ecuador.--[6] América Central. 2 pts. | |
| 650 | 0 |
_aLatin American literature _vDictionaries. |
|
| 710 | 2 |
_aPan American Union. _bLetters Section. |
|
| 999 |
_c51357 _d51357 |
||